Henestrosa, el otro Andrés : el mío : palabra e imagen de Henestrosa por Blanca Charolet /

Con el pretexto de la entrega de la Medalla al Mérito Cívico Eduardo Neri, Legisladores de 1913 por la LVIII Legislatura de la Cámara de Diputados en 2003, se ofrece una visión muy personal de la fotógrafa oaxaqueña Blanca Charolet sobre la poesía de su coterráneo Andrés Henestrosa. Charolet utiliza...

Πλήρης περιγραφή

Αποθηκεύτηκε σε:
Λεπτομέρειες βιβλιογραφικής εγγραφής
Κύριος συγγραφέας: Henestrosa, Andrés (autor)
Άλλοι συγγραφείς: Charolet, Blanca (selección y fotógrafo) (selección y fotógrafo), Chuayffet Chemor, Emilio (presentación) (presentación)
Μορφή: Βιβλίο
Γλώσσα:Ισπανικά
Έκδοση: México : Miguel Angel Porrúa : Congreso de la Unión, Cámara de Diputados, LIX Legislatura : Fundación Cultural Charolet, 2004, c2004
Θέματα:
Ετικέτες: Προσθήκη ετικέτας
Δεν υπάρχουν, Καταχωρήστε ετικέτα πρώτοι!

MARC

LEADER 00000nam^a2200000^a^4500
001 000410398
005 20250521000000.0
009 20260310122045.58
020 |a 970-701-529-2 
037 |a Acervo ITESO - Biblioteca 
041 |a ESP 
082 |a 860. 972063  |b HEN 
100 |a Henestrosa, Andrés  |e (autor) 
245 1 0 |a Henestrosa, el otro Andrés :  |b el mío : palabra e imagen de Henestrosa por Blanca Charolet /  |c A. Henestrosa ; selec. y pref. de B. Charolet ; fotógrafo B. Charolet ; presen. de E. Chuayffet Chemor. 
264 4 |a México :  |b Miguel Angel Porrúa :  |b Congreso de la Unión, Cámara de Diputados, LIX Legislatura :  |b Fundación Cultural Charolet,  |c 2004, c2004 
300 |a 157 p. 
336 |a texto  |b txt  |2 rdacontenido 
337 |a sin mediación  |b n  |2 rdamedio 
338 |a volumen  |b nc  |2 rdasoporte 
520 |a Con el pretexto de la entrega de la Medalla al Mérito Cívico Eduardo Neri, Legisladores de 1913 por la LVIII Legislatura de la Cámara de Diputados en 2003, se ofrece una visión muy personal de la fotógrafa oaxaqueña Blanca Charolet sobre la poesía de su coterráneo Andrés Henestrosa. Charolet utiliza imágenes captadas por ella para ilustrar desde su punto de vista los textos de Henestrosa. 
521 |a FIL 2018 DIA 
545 0 |a El escritor, lingüista, historiador y periodista Andrés Henestrosa (Ixhuatán, Oaxaca 1906-Ciudad de México, 2008), considerado como uno de los más importantes autores indigenistas, tuvo como lenguas maternas el zapoteca y el huave; fue hasta los quince años que aprendió el español, coincidiendo con su traslado a la ciudad de México para seguir sus estudios. Premio Internacional Alfonso Reyes, Medalla Belisario Domínguez, Premio Nacional de Ciencias y Artes, Premio Nacional de Periodismo son algunos de los reconocimientos más destacados obtenidos por el autor. Editó las revistas El Libro y el Pueblo y Las Letras Patrias. Entre sus libros se cuentan Los hombres que dispersó la danza; Retrato de mi madre; Los cuatro abuelos; Los caminos de Juárez; Divagario; Prosa presurosa; Agua del tiempo y Alacena de minucias. Preocupado por la sobrevivencia del zapoteco, fonetizó la lengua, la transcribió al alfabeto latino e hizo un breve diccionario zapoteca-castellano. Tanto en su obra escrita, como creador y como periodista, como en su labor académica y política, manifestó esta preocupación, junto con la del rescate del pasado y el conocimiento del presente de los indígenas, de quienes estudia y exalta la cultura. 
586 |a Premio Nacional de Ciencias y Artes, categoría Lingüística y Literatura (45°: 1994): Biografías, crítica e interpretación 
649 |a XX 
650 |a Escritores Mexicanos -  |x Fotografías 
650 |a Literatura Mexicana -  |x Historia y Crítica 
650 |a Literatura Mexicana -  |y Siglo XX 
650 |a Literatura y Sociedad -  |z México 
650 |a Henestrosa, Andrés -  |x Tema Principal 
700 |a Charolet, Blanca  |e (selección y fotógrafo) 
700 |a Chuayffet Chemor, Emilio  |e (presentación) 
910 |a Fondo General 
920 |a Impresos - Libros 
930 |a Reserva Especial 
940 |a Literatura 
905 |a 103 
901 |a 0500312949  |b IT1  |c REE  |i C164622  |u 20250521 
902 |a https://opac.biblio.iteso.mx/vufind/Record/000410398